banner-ar

دولة الامارات العربية المتحدة دراسة مسحية شاملة / (Record no. 28117)

MARC details
000 -الفاتح
حقل البيانات ثابتة الطول 00836nam a2200229Ia 4500
008 - عناصر البيانات ثابتة الطول - معلومات عامة
حقل البيانات ثابتة الطول 140319s9999 xx 000 0 ara d
040 ## - مصدر الفهرسة
وكالة الفهرسة الأصلية GCL /
وكالة النسخ GCL
082 04 - رقم تصنيف ديوى العشرى
رقم التصنيف 953.5
رقم المادة م د
100 1# - المدخل الرئيسى - إسم شخصى
الإسم الشخصى معهد البحوث والدراسات العربية
245 10 - بيان العنوان
العنوان دولة الامارات العربية المتحدة دراسة مسحية شاملة /
بيان المسئوليه,etc معهد البحوث والدراسات العربية
260 ## - PUBLICATION, DISTRIBUTION, ETC. (IMPRINT)
تاريخ النشر أو التوزيع 1978
300 ## - الوصف المادى
التعداد متعدد
490 ## - بيان السلسلة
عنوان السلسلة
650 04 - المدخل الاضافى بالموضوع-مصطلح موضوعى
مصطلح موضوعي تاريخ
650 04 - المدخل الاضافى بالموضوع-مصطلح موضوعى
مصطلح موضوعي الاحوال الاقتصادية
650 04 - المدخل الاضافى بالموضوع-مصطلح موضوعى
مصطلح موضوعي البترول
650 04 - المدخل الاضافى بالموضوع-مصطلح موضوعى
مصطلح موضوعي الجغرافيا الاقتصادية
650 04 - المدخل الاضافى بالموضوع-مصطلح موضوعى
مصطلح موضوعي المناخ
650 04 - المدخل الاضافى بالموضوع-مصطلح موضوعى
مصطلح موضوعي الامارات العربية المتحدة
942 ## - عناصر المدخل الإضافي( كوها)
مصدر التصنيف او مخطط الترفيف Dewey Decimal Classification
Koha [default] item type كتاب
260 ## - PUBLICATION, DISTRIBUTION, ETC. (IMPRINT)
-- [S.N] :
-- معهد الدراسات والبحوث العربية ،
Holdings
حالة التراجع حالة الفقد حالة تلف ليس للاعارة المكان المؤقت الموقع الحالى تاريخ الاكتساب اجمالي اﻻعارات رقم الطلب الباركود تاريخ اخر مشاهدة تاريخ تفعيل السعر نوع وعاء كوها
        مكتبة القاهرة الكبرى مكتبة القاهرة الكبرى 03/26/2014   953.5\م د 64162 03/26/2014 03/26/2014 كتاب

Powered By

EGPV